Ptám se po světle /

Ve své druhé sbírce se Kateřina Marie Tichá obrací k místům i lidem, kteří se do ní nesmazatelně otiskli jako světlo do staré fotografie.

Uloženo v:
Hlavní autor: Tichá, Kateřina Marie, 1994- (Autor)
Médium: Kniha
Jazyk:Czech
Vydáno: Ostrava : Bílý Vigvam s.r.o., 2025
Témata:
Celkem bylo vypůjčeno:0x
Tagy:
Žádné tagy
LEADER 01736nam a2200349 i 4500
001 106295
003 CZ PrNK
005 20260512102044.0
007 ta
008 251218s2025 xr a g 000 p cze
015 |a cnb003731616 
020 |a 9788090914797  |q (brožováno) 
040 |a ABG001  |b cze  |e rda 
072 7 |a 821.162.3-1  |x Česká poezie  |2 Konspekt  |9 25 
080 |a 821.162.3-1  |2 MRF 
080 |a (0:82-1)  |2 MRF 
100 1 |a Tichá, Kateřina Marie,  |d 1994-  |7 jo2016918642  |4 aut  |9 117325 
245 1 0 |a Ptám se po světle /  |c Kateřina Marie Tichá 
264 1 |a Ostrava :  |b Bílý Vigvam s.r.o.,  |c 2025 
300 |a 115 stran .  |b barevné ilustrace ;  |c 18 cm 
336 |a text  |b txt  |2 rdacontent 
337 |a bez média  |b n  |2 rdamedia 
338 |a svazek  |b nc  |2 rdacarrier 
500 |a 1000 výtisků 
505 0 0 |t Beton a břidlice --  |t Pátého v měsíci --  |t Spím v bílých peřinách 
520 2 |a Ve své druhé sbírce se Kateřina Marie Tichá obrací k místům i lidem, kteří se do ní nesmazatelně otiskli jako světlo do staré fotografie.  |b Autorka hledá rovnováhu mezi světlem a tmou, a přitom křeše básně-jiskry, které jí pomáhají proklestit si cestu potemnělými časy. Jednotlivé texty plynou pomalu - objevují se v záhybech města, pohledech do dálky, ve vráskách krajiny i očích milované osoby. Jsou důkazem, že i obyčejné chvíle dokážou nést cosi posvátného. Nakladatelská anotace. 
655 7 |a česká poezie  |7 fd133958  |2 czenas  |9 54025 
655 9 |a Czech poetry  |2 eczenas 
910 |a UOG502 
942 |2 ddc  |c KN 
999 |d 106295 
993 |0 0  |1 421180107020  |2 ddc  |4 0  |7 0  |9 99668  |b 0  |c 107020  |d 2026-05-12  |e 0  |f DOSP  |h 299.00  |i Koupě  |l DOSP  |r 2026-05-12  |t 6  |w 2026-05-12  |y KN  |z POEZIE  |n